000 00721nam a2200289Ia 4500
005 20260324125331.0
008 008 260324s9999 xx 000 0 eng d
020 _a9781849771740
037 _aEBOOK
040 _aCRL
040 _beng
040 _cCRL
041 _2eng
041 _aeng
084 _qCRL
100 _aMike Muller; Roberto Lenton
_91177595
245 0 _aIntegrated Water Resources Management in Practice
245 0 _bBetter Water Management for Development
260 _bTaylor and Francis
260 _c2009
365 _a
365 _b255
856 _uhttp://www.taylorfrancis.com/books/9781849771740
942 _cEBOOK
999 _c1772738
_d1772738